Tribunal Superior de Justicia de la Provincia de Cr̤doba

Detalles Bibliográficos
Formato: Desconocido
Lenguaje:español
Publicado: [Cr̤doba, Argentina : s.n.]
Materias:
Acceso en línea:Acceso restringido

MARC

LEADER 00000ny a22000003n 4500
005 20110510130036.0
008 100414c20039999ag zr 0 b spa
035 |a 2126 
040 |a BUS 
040 |d vlex 
090 |c 1534  |d 1534 
245 3 0 |a Tribunal Superior de Justicia de la Provincia de Cr̤doba  |h [Recurso electrn̤ico] 
256 |a Servicio en ln̕ea 
260 |a [Cr̤doba, Argentina :  |b s.n.] 
650 0 4 |a Sentencias  |x Publicaciones perid̤icas 
650 0 4 |a Tribunales Superiores de Justicia  |z Amřica Latina  |x Publicaciones perid̤icas 
650 0 4 |a Tribunales supremos  |z Amřica Latina  |x Publicaciones perid̤icas 
740 0 |a vLex Revista (Servicios en ln̕ea) 
843 |a Electrn̤ica. Abierta 
853 |8 1  |i (year)  |j (month)  |k (day) 
856 4 0 |z Acceso restringido  |u http://vlex.com/source/bopba-2126/section/01.01 
942 |c REV